Best NBA Player By Rings - Statistics

General Stats
  • This quiz has been taken 35 times
  • The average score is 9 of 11
Answer Stats
Hint Answer % Correct
6 Michael Jordan
100%
4 LeBron James
94%
11 Bill Russell
89%
3 Larry Bird
89%
7 Robert Horry
83%
0 Karl Malone
78%
5 Magic Johnson
78%
8 John Havlicek
72%
10 Sam Jones
72%
2 Wilt Chamberlain
56%
1 Dirk Nowitzki
50%
No matching quizzes found
Score Distribution
Percent of People with Each Score
Percentile by Number Answered
Your Score History
You have not taken this quiz